Voraussetzungen einer soliden Haushaltsfinanzierung.

Štruktúra, príjmy a výdavky rozpočtu domácností po zjednotení Nemecka. Rozdiely medzi privátnym rozpočtom a štátnym rozpočtom (možnosť riadiť daňovú politiku a i.). Spôsob úhrady a povinnosť úhrady pri štátnom dlhu. Verejná bilancia a položky zaraďované na stránku aktív a pasív. Adekvátnosť spôsobu...

Descrizione completa

Salvato in:
Dettagli Bibliografici
Autore principale: Mülhaupt, L.
Natura: Capitolo di libro
Lingua:tedesco
Soggetti:
Tags: Aggiungi Tag
Nessun Tag, puoi essere il primo ad aggiungerne!!

MARC

LEADER 00000naa a2200000 4500
001 r007624
005 20221208123514.4
041 0 |a ger 
044 |a DE 
245 1 0 |a Voraussetzungen einer soliden Haushaltsfinanzierung.  |c L. Mülhaupt 
520 |a Štruktúra, príjmy a výdavky rozpočtu domácností po zjednotení Nemecka. Rozdiely medzi privátnym rozpočtom a štátnym rozpočtom (možnosť riadiť daňovú politiku a i.). Spôsob úhrady a povinnosť úhrady pri štátnom dlhu. Verejná bilancia a položky zaraďované na stránku aktív a pasív. Adekvátnosť spôsobu účtovania. 
610 2 0 |a rozpočet štátny 
610 2 0 |a domácnosti 
610 2 0 |a hospodárenie finančné 
610 2 0 |a Nemecko 
610 2 0 |a politika daňová 
610 2 0 |a dlhy štátne 
100 1 |a Mülhaupt, L.